| 000 | 00457nam a2200169 i 4500 | ||
|---|---|---|---|
| 001 | 130933 | ||
| 003 | ES-MaACL | ||
| 005 | 20230906193900.0 | ||
| 007 | t| | ||
| 008 | 070813s1910 xxk ||||1| eng d | ||
| 100 | 1 |
_aWodehouse, Helen. _9117204 |
|
| 245 | 1 | 4 |
_aThe presentation of reality / _cby Helen Wodehouse. |
| 260 |
_aCambridge : _bUniversity, _c1910. |
||
| 300 |
_aX, 163 p. ; _c19 cm. |
||
| 650 | 1 | 4 |
_aRealidad. _916683 |
| 852 |
_aES-MaACL _jD-3470 |
||
| 999 |
_c130933 _d130933 |
||